000 00501 a2200181 4500
999 _c41655
_d41655
003 OSt
005 20221031153432.0
008 221031b ||||| |||| 00| 0 eng d
020 _a9789386418890
040 _coclc
082 _a641.3
_bSRI/F
100 _94252
_aSrilakshmi, B
245 _aFood science /
_cB Srilakshmi
250 _a7th ed.
260 _aNew Delhi:
_bNew age international,
_c2022.
300 _a494 pages
942 _2ddc
_cBK
_h641.3
_iSRI/F
_k641.3
_mSRI/F